| 000 | 01039aam a2200289 a 4500 | ||
|---|---|---|---|
| 001 | 015380261 | ||
| 003 | OSt | ||
| 005 | 20131114112320.0 | ||
| 008 | 090512s2009 ilu b 001 0 eng c | ||
| 020 | _a9780226673158 (hbk.) : | ||
| 020 | _a0226673154 (hbk.) : | ||
| 040 |
_aStDuBDS _beng _cStDuBDS _dUk |
||
| 082 | 0 | 0 |
_a330.91732 _222 _bPOL |
| 100 | 1 |
_aPolèse, Mario, _d1943- _934466 |
|
| 245 | 1 | 4 |
_aThe wealth and poverty of regions : _bwhy cities matter / _cMario Polèse. |
| 260 |
_aChicago, Ill. : _bUniversity of Chicago Press ; _aBristol : _bUniversity Presses Marketing [distributor], _c2009. |
||
| 300 |
_axiii, 254 p. : _bill. ; _c20 cm. |
||
| 504 | _aIncludes bibliographical references (p. [241]-249) and index. | ||
| 650 | 0 |
_aUrban economics. _917758 |
|
| 650 | 0 |
_aRegional economics. _927446 |
|
| 650 | 0 |
_aRegional economic disparities. _934467 |
|
| 650 | 0 |
_aWealth. _922963 |
|
| 650 | 0 |
_aEconomic development. _934468 |
|
| 650 | 0 |
_aHuman geography. _934469 |
|
| 653 |
_bEco _cNovember2013 |
||
| 942 |
_2ddc _cBB _k330.91732 POL |
||
| 999 |
_c17762 _d17734 |
||